| 000 | 00864nam a2200265Ia 4500 | ||
|---|---|---|---|
| 001 | 22062 | ||
| 005 | 20260320113338.0 | ||
| 008 | 260320s9999||||xx |||||||||||||| ||und|| | ||
| 022 | _a20712170 | ||
| 041 | _aESP | ||
| 082 |
_aHR 351 ENE-DIC 2025 _bAG |
||
| 100 |
_aVera Novoa, Mario Ricardo, _eDIR |
||
| 245 | 0 |
_aActualidad gubernamental: _brevista de gobierno & políticas públicas |
|
| 246 |
_a _5 _b |
||
| 260 |
_aLima : _bInstituto Pacífico, _c2025 |
||
| 300 |
_avarias paginaciones : _bgráficos, cuadros ; _c29 cm. _e |
||
| 440 |
_a _n _v |
||
| 505 | _aContiene: Nros. 195-207 (Enero-Diciembre 2025) | ||
| 650 | _aTCA | ||
| 653 | _aAdministración pública - Revista | ||
| 654 | _aCCO | ||
| 700 |
_a _c |
||
| 856 |
_uhttps://0u214oxjx-y-https-app-vlex-com.itmsp.museknowledge.com/ _zVéase además: Base de datos Vlex |
||
| 942 |
_cREV _dJUS _fMAT _2ddc _n |
||
| 999 |
_c22062 _d22062 |
||